Documentos de estudio. Realidad Centroamericana

Salvato in:
Dettagli Bibliografici
Natura: testo
Pubblicazione: s.l: INCEP
Tags: Aggiungi Tag
Nessun Tag, puoi essere il primo ad aggiungerne!!

MARC

LEADER 00000 a a2200000 04500
001 25293
003
040
090 |a 150004  
245 |a Documentos de estudio. Realidad Centroamericana  
260 |a s.l:   |b INCEP  
300 |a pag. cortada  
999 |c 11194  |d 11194